000 00558 a2200169 4500
001 066432
003 OSt
005 20210928122740.0
008
082 _a53042
_bA89V
100 1 _aAftalion, Amandine
245 1 _aVortices in Bose-Einstein condensates
_cby Amandine Aftalion
260 _aBoston
_bBirkhouser
_c2006
300 _a203p.
690 _aVortex-motion; Bose-Einstein condensation; Lattice dynamics; Mathematical physics; Mathematics; Superconductivity; Thermodynamics; Condensed matter
942 _2ddc
_cBK
999 _c487
_d487